<?xml version="1.0" encoding="UTF-8"?>
<record
    xmlns:xsi="http://www.w3.org/2001/XMLSchema-instance"
    xsi:schemaLocation="http://www.loc.gov/MARC21/slim http://www.loc.gov/standards/marcxml/schema/MARC21slim.xsd"
    xmlns="http://www.loc.gov/MARC21/slim">

  <leader>00976nam a22002297a 4500</leader>
  <controlfield tag="003">BPGM</controlfield>
  <controlfield tag="008">260612m        mx o|||gr|||| 001 u SPA d</controlfield>
  <datafield tag="020" ind1=" " ind2=" ">
    <subfield code="a">968-845-253-X</subfield>
  </datafield>
  <datafield tag="040" ind1=" " ind2=" ">
    <subfield code="a">BPGM</subfield>
    <subfield code="b">SPA</subfield>
  </datafield>
  <datafield tag="041" ind1=" " ind2=" ">
    <subfield code="a">SPA</subfield>
    <subfield code="h">SPA</subfield>
  </datafield>
  <datafield tag="082" ind1="0" ind2="4">
    <subfield code="2">CQ / 304.8097245 / M53</subfield>
    <subfield code="a">CQ / 304.8097245 / M53</subfield>
    <subfield code="b">M53</subfield>
  </datafield>
  <datafield tag="245" ind1=" " ind2=" ">
    <subfield code="a">MIGRACI&#xD3;N Y CAMBIO CULTURAL EN QUER&#xC9;TARO</subfield>
  </datafield>
  <datafield tag="250" ind1=" " ind2=" ">
    <subfield code="a">SEGUNDA EDICI&#xD3;N</subfield>
    <subfield code="b">ABRIL, 2007</subfield>
  </datafield>
  <datafield tag="260" ind1=" " ind2=" ">
    <subfield code="a">M&#xC9;XICO, QUER&#xC9;TARO</subfield>
    <subfield code="b">UNIVERSIDAD AUT&#xD3;NOMA DE QUER&#xC9;TARO</subfield>
    <subfield code="c">2007</subfield>
  </datafield>
  <datafield tag="300" ind1=" " ind2=" ">
    <subfield code="a">149 P&#xC1;GINAS;</subfield>
    <subfield code="c">21.5 CM X 14.2 CM</subfield>
  </datafield>
  <datafield tag="336" ind1=" " ind2=" ">
    <subfield code="2">rdacontent</subfield>
    <subfield code="a">texto</subfield>
    <subfield code="b">txt</subfield>
  </datafield>
  <datafield tag="337" ind1=" " ind2=" ">
    <subfield code="2">rdamedia</subfield>
    <subfield code="a">sin mediaci&#xF3;n</subfield>
    <subfield code="b">n</subfield>
  </datafield>
  <datafield tag="338" ind1=" " ind2=" ">
    <subfield code="2">rdacarrier</subfield>
    <subfield code="a">volumen </subfield>
    <subfield code="b">nc</subfield>
  </datafield>
  <datafield tag="505" ind1=" " ind2=" ">
    <subfield code="a">LOS MOVIMIENTOS MIGRATORIOS, FEN&#xD3;MENO CARACTER&#xCD;STICO DEL SIGLO XX, SE OBSERVAN EN LA REALIDAD HIST&#xD3;RICA QUERETANA; TRADICIONALMENTE, EN EL TERRITORIO ESTATAL SE HAN DESARROLLADO FLUJOS COMPENSATORIOS ENTRE LAS ZONAS DE ATRACCI&#xD3;N Y LAS EXPULSORAS DE POBLACI&#xD3;N.</subfield>
  </datafield>
  <datafield tag="650" ind1=" " ind2=" ">
    <subfield code="a">SERIE HUMANIDADES</subfield>
  </datafield>
  <datafield tag="942" ind1=" " ind2=" ">
    <subfield code="2">ddc</subfield>
    <subfield code="c">CONSULTA</subfield>
  </datafield>
  <datafield tag="952" ind1=" " ind2=" ">
    <subfield code="0">0</subfield>
    <subfield code="1">0</subfield>
    <subfield code="2">ddc</subfield>
    <subfield code="4">0</subfield>
    <subfield code="7">2</subfield>
    <subfield code="8">GENERAL</subfield>
    <subfield code="a">BPCEFC</subfield>
    <subfield code="b">BPCEFC</subfield>
    <subfield code="c">ACCESO "A" PLANTA ALTA</subfield>
    <subfield code="d">2026-06-12</subfield>
    <subfield code="e">DBG</subfield>
    <subfield code="l">0</subfield>
    <subfield code="o">CQ / 304.8097245 / M53</subfield>
    <subfield code="r">2026-06-12 20:30:39</subfield>
    <subfield code="t">EJ. 1</subfield>
    <subfield code="w">2026-06-12</subfield>
    <subfield code="y">CONSULTA</subfield>
  </datafield>
  <datafield tag="952" ind1=" " ind2=" ">
    <subfield code="0">0</subfield>
    <subfield code="1">0</subfield>
    <subfield code="2">ddc</subfield>
    <subfield code="4">0</subfield>
    <subfield code="7">0</subfield>
    <subfield code="8">GENERAL</subfield>
    <subfield code="a">BPCEFC</subfield>
    <subfield code="b">BPCEFC</subfield>
    <subfield code="c">ACCESO "A" PLANTA ALTA</subfield>
    <subfield code="d">2026-06-12</subfield>
    <subfield code="e">DBG</subfield>
    <subfield code="l">0</subfield>
    <subfield code="o">CQ / 304.8097245 / M53</subfield>
    <subfield code="r">2026-06-12 20:30:57</subfield>
    <subfield code="t">EJ. 2</subfield>
    <subfield code="w">2026-06-12</subfield>
    <subfield code="y">CONSULTA</subfield>
  </datafield>
  <datafield tag="952" ind1=" " ind2=" ">
    <subfield code="0">0</subfield>
    <subfield code="1">0</subfield>
    <subfield code="2">ddc</subfield>
    <subfield code="4">0</subfield>
    <subfield code="7">0</subfield>
    <subfield code="8">GENERAL</subfield>
    <subfield code="a">BPCEFC</subfield>
    <subfield code="b">BPCEFC</subfield>
    <subfield code="c">ACCESO "A" PLANTA ALTA</subfield>
    <subfield code="d">2026-06-12</subfield>
    <subfield code="e">DBG</subfield>
    <subfield code="l">0</subfield>
    <subfield code="o">CQ / 304.8097245 / M53</subfield>
    <subfield code="r">2026-06-12 20:31:10</subfield>
    <subfield code="t">EJ. 3</subfield>
    <subfield code="w">2026-06-12</subfield>
    <subfield code="y">CONSULTA</subfield>
  </datafield>
  <datafield tag="999" ind1=" " ind2=" ">
    <subfield code="c">68605</subfield>
    <subfield code="d">68605</subfield>
  </datafield>
</record>
